Statistics for Supernatural Season 7 Quiz

Click here to take the quiz!

General Stats

  • This quiz has been taken 69 times
    (60 since last reset)
  • The average score is 15 of 30

Answer Stats

HintAnswer% Correct
Who marries Sam in "Season Seven, Time For A Wedding!"?Becky
93%
Who is the ginger girl introduced in "The Girl With the Dungeons and Dragons Tattoo"?Charlie Bradbury
90%
What fear does Sam have to face in "Plucky Pennywhistle's Magical Menagerie"?Clowns
85%
Who shoots Bobby at the end of "How to Win Friends and Influence Monsters"?Dick Roman
85%
Who is the demon who helps Sam, Dean, and Cas defeat Dick in the season finale?Meg
85%
Who takes Kevin in "Survival of the Fittest"?Crowley
83%
Who is the prophet introduced in "Reading is Fundamental"?Kevin Tran
80%
Who returns as a ghost in "Of Grave Importance"?Bobby
78%
Who did Bobby kill when he was a boy?His father
76%
When can you see a Shojo?When you are drunk
71%
Who dies in "Hello, Cruel World"?Castiel
59%
Finish the quote: "What, you going to look at more anime, or are you strictly into _______________"Dick now
51%
What food does Sam prohibit Dean from eating in "There Will Be Blood"?Pie
51%
What is Dean's daughter's name in "The Slice Girls"?Emma
49%
Finish the quote: "You don't shoot Bambi, jackass. You shoot _________________"Bambi's mother
46%
Finish the quote: "Dude, on my car, he shows up naked ___________________"Covered in bees
46%
What name is Castiel going by before he regains his memory?Emmanuel
46%
What does "Godstiel" require Sam, Dean, and Bobby to do for him in "Meet the New Boss"?Bow down to him.
44%
Who puts Dean on trial in "Defending Your Life"?Osiris
44%
What year is Dean sent to in "Time After Time"?1944
39%
Who does Dean become obsessed with killing in "Adventures in Babysitting"?Dick Roman
37%
What kind of people are being killed in "The Mentalists"?Psychics
37%
In which episode does Bobby die?"Death's Door"
32%
What are the boys dealing in "Shut Up, Dr. Phil"?A witch
29%
What being returns to a town for a second time "Repo Man"?A demon
27%
In which episode are there leviathan versions of Sam and Dean running around the country wreaking havoc?"Slash Fiction"
20%
Where does Dean wake up in "The Girl Next Door"?A hospital
17%
What item is cursed in "Out With The Old"?Ballet slippers
12%
Finish the quote: "Long time no ________"Spooning
10%
Finish the quote: "We need America. ________________"They're so fat
10%

Score Distribution

Percentile by Number Answered

Percent of People with Each Score

Your Score History

You have not taken this quiz since the last reset